Ocean wildlife
| Main Author: | |
|---|---|
| Format: | Book |
| Published: |
New York :
Mallard Press ,
1990
|
| Series: | Oxford scientific films
|
| Subjects: |
MARC
| LEADER | 00000cam a2200000 7i4500 | ||
|---|---|---|---|
| 001 | 0000005495 | ||
| 002 | 000005940 | ||
| 005 | 20080515.0 | ||
| 020 | |a 0792450264 | ||
| 090 | 0 | 0 | |a J 639.9 |b OXF |
| 100 | 1 | |a Banks, Martin | |
| 245 | 1 | 0 | |a Ocean wildlife |c Martin Banks |
| 260 | |a New York : |b Mallard Press , |c 1990 | ||
| 300 | |a 32p ; |c 27cm. | ||
| 490 | 0 | |a Oxford scientific films | |
| 650 | 0 | 0 | |a Marine biology |x Juvenile literature |
| 999 | |a 027240 |b BUKU |c JUNIOR REFERENCE |e PERPUSTAKAAN KOMUNITI PETALING JAYA | ||